| 000 | 01654nam a2200373 a 4500 | ||
|---|---|---|---|
| 005 | 20240423125041.0 | ||
| 008 | 100503s2007||||ag a f |||| 00| 0 spa d | ||
| 020 | _a9789500603287 | ||
| 041 | _aspa | ||
| 092 |
_c616.8 _l10 _sCAR |
||
| 100 | 1 |
_aCardinali, Daniel P. _9254 |
|
| 245 |
_aNeurociencia aplicada. _bSus fundamentos / _cDaniel P. Cardinali |
||
| 250 |
_a1a ed. _bIlustrado por Walter García |
||
| 260 |
_aBuenos Aires: _bEditorial Médica Panamericana; _c2007. |
||
| 300 |
_a528 p. _bil. _c28x20 cm. |
||
| 500 | _aCardinali, D. P. (2007). Neurociencia aplicada. Sus fundamentos. (1a ed.). Buenos Aires : Editorial Médica Panamericana. | ||
| 653 | _aBiología de las células nerviosas | ||
| 653 | _aGeneración y conducción de potenciales en el sistema nervioso | ||
| 653 | _aTransmisión sináptica | ||
| 653 | _aFisiología del sistema somatosensorial | ||
| 653 | _aFisiología de la visión | ||
| 653 | _aFisiología de la audición, del gusto y del olfato | ||
| 653 | _aFisiología muscular | ||
| 653 | _aOrganización funcional del sistema motor | ||
| 653 | _aMédula espinal y reflejos musculares. Tono muscular | ||
| 653 | _aControl de la postura y equilibrio. Generacion del movimiento | ||
| 653 | _aFisiología del cerebelo y de los ganglios basales | ||
| 653 | _aTronco encefálico y la formación reticular | ||
| 653 | _aSistema nervioso autónomo | ||
| 653 | _aFisiología del hipotálamo y del sistema límbico | ||
| 653 | _aCorrelatos electrofisiológicos de la actividad cortical. Fisiología del sueño | ||
| 653 | _aCorteza cerebral: áreas de asociación. Cognición. Memoria | ||
| 942 |
_2ddc _cBK |
||
| 999 |
_c1386 _d1386 |
||